000 00347nam a2200109Ia 4500
005 20251222114406.0
008 251222s1900||||xx |||||||||||||| ||spa||
082 _aDVD0092 L65/1997
245 0 _aMisterios de la Biblia: Los años perdidos de Jesús. (Mysteries of The Bible: The lost years of Jesus)
264 _bRoos Bram y A E Mundo.
942 _cDVD
999 _c1821
_d1821